| 000 | 01112ngm a22003130a 4500 | ||
|---|---|---|---|
| 001 | PT16567 | ||
| 003 | AR-LpoUNG | ||
| 005 | 20210202000217.0 | ||
| 007 | vd cvaizq | ||
| 008 | 191001s1971||||ag |||||||||||||||||eng d | ||
| 037 | _c$6.63 | ||
| 040 |
_aAR-LpoUNG _bspa _cAR-LpoUNG _eaacr |
||
| 041 | _aeng | ||
| 044 | _aag | ||
| 082 | 0 | _a822 762mac | |
| 100 | 1 |
_aPolanski, Roman _edir. |
|
| 245 | 1 | 0 | _aMacbeth |
| 260 |
_aBuenos Aires : _bCultural Video, _c[1971]. |
||
| 300 | _aVHS (140 min.) : son., byn | ||
| 505 | 0 | _aFotografía: Gilbert Taylor. - Basado en un texto de William Shakespeare. | |
| 520 | _aoman Polanski presenta su visión de la clásica tragedia de Shakespeare acerca de la codicia por el poder. Macbeth el heroico guerrero escosés cuya loca ambición desata un ininterrumpido ciclo de violencia. Macbeth es incitado por su esposa para que mate al Rey Duncan y así asumir el trono de Escocia. | ||
| 650 | 4 | _aESCOCIA | |
| 650 | 4 | _aINGLATERRA | |
| 650 | 4 | _aLITERATURA | |
| 651 | 4 | _aDOCUMENTOS TEORICOS O METODOLOGICOS | |
| 653 | _aVIDEOS | ||
| 905 | _a16567 | ||
| 942 | _cVIDEO | ||
| 999 |
_c54349 _d54349 |
||